Culture sportive (impossible) - Statistiques

Statistiques générales
  • Ce quiz a été pris 41 fois
  • Le résultat moyen est 3 sur 20
Statistiques - réponses
Question Réponse % Correct
Quel a été le premier sport pratiqué sur la Lune, lors de la mission Apollo 14 en 1971 (par astronaute Alan Shepard) ? Le golf
79%
En 1994, qui est devenu le plus vieux buteur de l'histoire de la coupe du monde ? Roger Milla
52%
Dans quel pays se trouve la piste de bobsleigh la plus ancienne encore utilisée ? Suisse
36%
Qui est la plus jeune n°1 mondiale WTA de l’histoire ? Martina Hingis
24%
En quelle année l'Islande a participé pour la première fois aux Jeux Olympiques ? 1912
21%
Quel sport tient son nom d'un château situé dans une ville anglaise du même nom ? Le badminton
12%
Comment appelle-t-on officiellement un pratiquant de pelote basque ? Pelotari
12%
Quelle ouverture a été jouée lors de la première victoire de Deep Blue contre Kasparov ? Défense sicilienne
9%
Quel club a été impliqué dans le scandale du “Bloodgate” en 2009 ? (rugby à 15) Harlequins
9%
Quelle est la vitesse maximale enregistrée pour un volant de badminton ? 565 km/h
6%
Quelle est la hauteur standardisée d'une barrière lors d'un 3000m steeple homme ? (en cm) 91,4 cm
6%
En vieux français, quel mot a donné naissance au mot moderne “sport” ? Desport
3%
Quel est le vrai prénom de la star du golf Tiger Woods ? Eldrick
3%
Au curling, comment appelle-t-on le centre exact de la cible ? Le bouton
3%
Qui fut la première (et unique) femme a avoir officiellement été drafté en NBA ? Lusia Harris
3%
Quelle athlète détient le record féminin du marathon ? Ruth Chepngetich
3%
Quel sportif a le plus de participations aux Jeux Olympiques à son actif ? (10) Ian Millar
0%
Qui est le président de la Fédération Française des Sports du chameau ? Olivier Philipponneau
0%
Dans quelle ville ont eu lieu les premiers Jeux Paralympiques d’hiver en 1976 ? Örnsköldsvik
0%
Quel héros grec mythique est réputé pour sa course de 40 km à Marathon ? Phidippidès
0%
Aucun quiz correspondant
Distribution des résultats
% des personnes avec chaque résultat
Percentile par nombre de réponses
Votre historique - résultats
Vous n’avez pas pris ce quiz